Richmond in by-gone days; (Record no. 52456)
[ view plain ]
| 000 -LEADER | |
|---|---|
| fixed length control field | 01322cam a2200337 4500 |
| 001 - CONTROL NUMBER | |
| control field | rc 01002923 |
| 003 - CONTROL NUMBER IDENTIFIER | |
| control field | DLC |
| 005 - DATE AND TIME OF LATEST TRANSACTION | |
| control field | 20260227111908.0 |
| 007 - PHYSICAL DESCRIPTION FIXED FIELD--GENERAL INFORMATION | |
| fixed length control field | cr ||||||||||| |
| 007 - PHYSICAL DESCRIPTION FIXED FIELD--GENERAL INFORMATION | |
| fixed length control field | cr_||||||||||| |
| 007 - PHYSICAL DESCRIPTION FIXED FIELD--GENERAL INFORMATION | |
| fixed length control field | cr_||||||||||| |
| 008 - FIXED-LENGTH DATA ELEMENTS--GENERAL INFORMATION | |
| fixed length control field | 830302s1856 vau 000 0 eng |
| 010 ## - LIBRARY OF CONGRESS CONTROL NUMBER | |
| LC control number | rc 01002923 |
| 040 ## - CATALOGING SOURCE | |
| Original cataloging agency | DLC |
| Transcribing agency | CarP |
| Modifying agency | DLC |
| 043 ## - GEOGRAPHIC AREA CODE | |
| Geographic area code | n-us-va |
| 050 00 - LIBRARY OF CONGRESS CALL NUMBER | |
| Classification number | F234.R5 |
| Item number | M8 |
| 051 ## - LIBRARY OF CONGRESS COPY, ISSUE, OFFPRINT STATEMENT | |
| Classification number | F234.R5 |
| Item number | M8 |
| Copy information | Copy 4. Has inscription: To the Smithsonian Institution for copyright, Sam. Mordecai. |
| 100 1# - MAIN ENTRY--PERSONAL NAME | |
| Personal name | Mordecai, Samuel, |
| Dates associated with a name | 1786-1865. |
| 245 10 - TITLE STATEMENT | |
| Title | Richmond in by-gone days; |
| Remainder of title | being reminiscences of an old citizen ... |
| 260 ## - PUBLICATION, DISTRIBUTION, ETC. | |
| Place of publication, distribution, etc. | Richmond, Va., |
| Name of publisher, distributor, etc. | George M. West, |
| Date of publication, distribution, etc. | 1856. |
| 300 ## - PHYSICAL DESCRIPTION | |
| Extent | 1 p.l., [v]-xi, [13]-321 p. |
| Dimensions | 17 cm. |
| 530 ## - ADDITIONAL PHYSICAL FORM AVAILABLE NOTE | |
| Additional physical form available note | Also available in digital form on the Library of Congress Web site. |
| 530 ## - ADDITIONAL PHYSICAL FORM AVAILABLE NOTE | |
| Additional physical form available note | Also available in digital form on the Internet Archive Web site. |
| 530 ## - ADDITIONAL PHYSICAL FORM AVAILABLE NOTE | |
| Additional physical form available note | Also available in digital form on the Internet Archive Web site. |
| 651 #0 - SUBJECT ADDED ENTRY--GEOGRAPHIC NAME | |
| Geographic name | Richmond (Va.) |
| General subdivision | Description and travel. |
| 651 #0 - SUBJECT ADDED ENTRY--GEOGRAPHIC NAME | |
| Geographic name | Richmond (Va.) |
| General subdivision | History. |
| 651 #0 - SUBJECT ADDED ENTRY--GEOGRAPHIC NAME | |
| Geographic name | Richmond (Va.) |
| General subdivision | Social life and customs. |
| 856 41 - ELECTRONIC LOCATION AND ACCESS | |
| Path | lhbcb |
| Electronic name | 02923 |
| Electronic format type | s |
| Uniform Resource Identifier | <a href="http://hdl.loc.gov/loc.gdc/lhbcb.02923">http://hdl.loc.gov/loc.gdc/lhbcb.02923</a> |
| 856 41 - ELECTRONIC LOCATION AND ACCESS | |
| Uniform Resource Identifier | <a href="http://hdl.loc.gov/loc.gdc/scd0001.00058103135">http://hdl.loc.gov/loc.gdc/scd0001.00058103135</a> |
| 856 41 - ELECTRONIC LOCATION AND ACCESS | |
| Uniform Resource Identifier | <a href="http://hdl.loc.gov/loc.gdc/scd0001.00068013938">http://hdl.loc.gov/loc.gdc/scd0001.00068013938</a> |
No items available.